000 00569nam a2200193Ia 4500
005 20250923145421.0
008 008 250917s9999 xx 000 0 eng d
037 _aTextual
040 _aDSWL
_beng
_cDSWL
041 _aeng
_2eng
084 _aY31:7:7.6, N74
_qDSWL
245 0 _aDevelopment education : Rural development through Mass Media
_cby United Nations
260 _aNew York
_b U.N.Publicaitons
_c1974
300 _a57 p.
365 _aUSD
_b3 . 0
925 _g3 . 0
942 _cTEXL
_hY31:7:7.6, N74
999 _c1451112
_d1451112